| 000 | nam a22 c 4500 | ||
|---|---|---|---|
| 999 |
_c394110 _d394110 |
||
| 003 | BLK | ||
| 005 | 20210114131347.0 | ||
| 008 | 200315b bul|||||r ||||||| ||bul|| | ||
| 040 | _aBLK | ||
| 041 |
_aBUL _cBUL |
||
| 080 |
_aИкономически теории. Икономически учения и школи _b330.8 _x(075.8) _z330.8(075.8) |
||
| 100 |
_aВарон, Бенжамен _eпърви автор _9367378 |
||
| 139 | _aВарон, Бенжамен | ||
| 245 | 1 | 0 |
_aЗаписки по отделни лекции по история на икономическите учения _cБенжамен Варон |
| 257 | _aBGR | ||
| 260 |
_aСвищов _b ВФСИ Д. А. Цанов _c1961 _9403792 |
||
| 300 |
_a76 с. _bсъс сх. _c29 см |
||
| 380 | _a3 | ||
| 500 | _aКор. опис. - Фотофсет. изд. - 400 тир. - Библигр. с. 65-75 | ||
| 650 | 0 |
_aИкономически учения - история _9241561 |
|
| 653 | 7 |
_aикономически учения _9187505 |
|
| 852 |
_aЦб ІІ 1894 _bЦб |
||
| 942 |
_cKNG _n0 _s1 |
||
| 944 |
_aCR _c2021-01-14 _kС.Т. |
||